| Tag |
First Indicator |
Second Indicator |
Subfields |
| LEADER |
00000cam a2200000 i 4500 |
| 001 |
in00000058648 |
| 005 |
20151008050445.0 |
| 008 |
760820s1976 ne 10110 eng |
| 010 |
|
|
|a 76041675
|
| 020 |
|
|
|a 0720405998
|
| 035 |
|
|
|a (OCoLC)02423607
|
| 035 |
|
|
|9 AAG1141AM
|
| 040 |
|
|
|a DLC
|c DLC
|d OCL
|d TXA
|d UtOrBLW
|
| 049 |
|
|
|a TXAM [Also in] [Med Sci] [QV] [90] [I61o] [1976]
|c 1 [1360083]
|
| 050 |
0 |
0 |
|a RM328
|b .I57 1976
|
| 110 |
2 |
|
|a International Narcotic Research Club.
|
| 245 |
1 |
0 |
|a Opiates and endogenous opioid peptides : proceedings of the International Narcotics Research Club meeting, Aberdeen, United Kingdom, 19-22 July, 1976 / [preface by] H. W. Kosterlitz : organizing committee : S. Archer... [et al.].
|
| 264 |
|
1 |
|a Amsterdam ;
|a New York :
|b North-Holland Pub. Co.,
|c 1976.
|
| 300 |
|
|
|a x, 456 pages :
|b illustrations ;
|c 25 cm.
|
| 336 |
|
|
|a text
|b txt
|2 rdacontent
|
| 337 |
|
|
|a unmediated
|b n
|2 rdamedia
|
| 338 |
|
|
|a volume
|b nc
|2 rdacarrier
|
| 500 |
|
|
|a Includes index.
|
| 650 |
|
0 |
|a Narcotics
|x Physiological effect
|x Congresses.
|
| 650 |
|
2 |
|a Opium
|x metabolism
|x congresses.
|
| 650 |
|
2 |
|a Peptides
|x metabolism
|x congresses.
|
| 700 |
1 |
|
|a Kosterlitz, H. W.
|
| 999 |
|
|
|a MARS
|
| 999 |
f |
f |
|s b9951496-4665-3409-a80f-e82b98c585f6
|i f6cbfde2-38cb-3956-a064-2df512a8f7d7
|t 0
|
| 952 |
f |
f |
|p ric
|a Texas A&M University
|b Rellis Campus
|c Joint Library Facility
|d Remote Storage
|t 0
|e RM328 .I57 1976
|h Library of Congress classification
|i unmediated -- volume
|m A14805154704
|
| 998 |
f |
f |
|a RM328 .I57 1976
|t 0
|l Remote Storage
|